000 00621nam a2200193Ia 4500
003 GCL
008 140319s9999 xx 000 0 ara d
040 _aGCL /
_cGCL
082 0 4 _a345
_bا م
100 1 _aانور العمروسى
245 1 0 _aموسوعة القيود والاوصاف الجنائية: للتشريعات الخاصة وقانون العقوبات /
_cانور العمروسى
700 1 _aامجد العمروسى
260 _a[S.N] :
_bلا يوجد ،
_c1992
300 _a767 ص
490 _a
650 0 4 _aالقانون
650 0 4 _aقانون العقوبات
942 _2ddc
_cBK
999 _c27945
_d27945